Logo BPK

Biblioteka

Politechniki Koszalińskiej

Transformatory i dławiki elektronicznych urządzeń zasilających / (Rekord nr 10031)

Szczegóły MARC
000 -ETYKIETA REKORDU
podpole kontrolne o stałej długości 00401nam a2200145 i 4500
001 - NUMER KONTROLNY REKORDU
pole kontrolne bg
040 ## - ŹRÓDŁO KATALOGOWANIA
Instytucja, która utworzyła rekord BPK
041 ## - KOD JĘZYKA
Kod języka tekstu pol
008 - POLE O STAŁEJ DŁUGOŚCI - DANE KONTROLNE
podpole kontrolne o stałej długości s pl f |000 0 pol
100 1# - NAZWA OSOBOWA
Nazwa osobowa KONOPIŃSKI, Tadeusz
245 #0 - TYTUŁ/ODPOWIEDZIALNOŚĆ
Tytuł Transformatory i dławiki elektronicznych urządzeń zasilających /
Pozostałe elementy strefy tytułu i oznaczenia odpowiedzialności Tadeusz Konopiński, Ryszard Pac.
260 ## - STREFA ADRESU WYDAWNICZEGO
Miejsce wydania Warszawa,
Data publikacji, dystrybucji/powstania dokumentu 1979.
700 1# - HASŁO DODATKOWE - NAZWA OSOBOWA
Nazwa osobowa PAC, Ryszard
856 ## - LOKALIZACJA I DOSTĘP DO ELEKTRONICZNYCH DOKUMENTÓW ZDALNYCH
Link (URL) http://koha.tu.koszalin.pl/cgi-bin/koha/opac-detail.pl?biblionumber=10031
Tekst linku Katalog online BPK
942 ## - DODATKOWE ELEMENTY (KOHA)
Typ dokumentu Książka
Egzemplarze
Wycofany Status egzemplarza Uszkodzony Dostępność Lokalizacja stała Lokalizacja bieżąca Miejsce przechowywania Sygnatura Kod kreskowy Typ dokumentu
      Dostępny Biblioteka Politechniki Koszalińskiej Biblioteka Politechniki Koszalińskiej Wypożyczalnia BG 25571 01208450 Książka
© 2023 Biblioteka Politechniki Koszalińskiej :: KOHA